000 00997nas a2200301 4500
001 BR0807952
003 BR-BrBNA
005 20231205112803.0
007 ta
008 230509b bl.|||p| |||| 00| 00por d
040 _aBR-BrBNA
_bpor
_cBiblioteca Nacional de Agricultura
041 _a(Pt)
072 _aH10
100 1 _aPereira, A.C.R.L.
100 1 _aOliveira, J.V. de
100 1 _aGondim Junior, M.G.C.
100 1 _aCâmara, C.A.G. da
245 1 _aAtividade inseticida de óleos essenciais e fixos sobre Callosobruchus maculatus ( Fabr., 1775)(Coleoptera: Bruchidae)em grãos de caupi [ Vigna unguiculata (L.)Walp.]
650 _aFEIJÃO DE CORDA
650 _aCARUNCHO
650 _aPRAGA DE PLANTA
650 _aINSETICIDA
650 _aÓLEO ESSENCIAL
650 _aARMAZENAMENTO
773 0 _tCiência e Agrotecnologia (Brazil)
_xISSN 1413-7054
_g(May-Jun 2008), v. 32(3) p. 717-724
_wBR0807952
909 _a202311
_bLúcia
_c55
_dLúcia Elande
942 _2AGRIS
_n0
_cANA
999 _c199979
_d199979